L'instruction et l'éducation; (Record no. 18770)

MARC details
000 -LEADER
fixed length control field 00679cam a2200217 a 4500
001 - CONTROL NUMBER
control field e 09000409
003 - CONTROL NUMBER IDENTIFIER
control field DLC
005 - DATE AND TIME OF LATEST TRANSACTION
control field 20260227111150.0
008 - FIXED-LENGTH DATA ELEMENTS--GENERAL INFORMATION
fixed length control field 990602s1877 fr 000 0 fre c
010 ## - LIBRARY OF CONGRESS CONTROL NUMBER
LC control number e 09000409
040 ## - CATALOGING SOURCE
Original cataloging agency U.S. Off. of Educ. Library
Transcribing agency DLC
Modifying agency CLU
-- DLC
050 00 - LIBRARY OF CONGRESS CALL NUMBER
Classification number LB1025
Item number .R68 1877
082 00 - DEWEY DECIMAL CLASSIFICATION NUMBER
Classification number 371.102
Edition number 21
100 1# - MAIN ENTRY--PERSONAL NAME
Personal name Robin, Ch.
245 12 - TITLE STATEMENT
Title L'instruction et l'éducation;
Statement of responsibility, etc. par Charles Robin ...
260 ## - PUBLICATION, DISTRIBUTION, ETC.
Place of publication, distribution, etc. Paris,
Name of publisher, distributor, etc. G. Decaux [etc.]
Date of publication, distribution, etc. 1877.
300 ## - PHYSICAL DESCRIPTION
Extent xxiii, 336 p. ;
Dimensions 18 cm.
500 ## - GENERAL NOTE
General note "Ce volume contient les articles que j'ai publiés en 1876 dans la Philosophie positive."--Préf.
650 #0 - SUBJECT ADDED ENTRY--TOPICAL TERM
Topical term or geographic name entry element Teaching.
650 #0 - SUBJECT ADDED ENTRY--TOPICAL TERM
Topical term or geographic name entry element Education.

No items available.

Powered by Koha